00422nam a2200157Ia 450000500170000000800410001708200130005810000110007124500150008226000250009730000120012265000100013494200060014495200990015099900150024920250406063626.0240331s9999 xx 000 0 und d bSERa894 aSeran, 0aKanal vari aChennaibPonnic1989 a64 p ., aPoems cL 001040708LaWERCLbWERCLcSSCd2024-03-31l0o 894.811 SERp4523r2024-03-31w2024-03-31yL c4127d4127